000 00844nam a2200253 4500
003 dpl
005 20170124110305.0
008 161212b xxu||||| |||| 00| 0 eng d
010 _aA-852811
035 _aA-852811
037 _bCen Lib / Ret
040 _aDPL
_bEN
_cTIT
082 _a881.08
100 _aGoswami Tulsidas
245 _aComplete works of Goswami Tulsidas /
_cby Goswami Tulsidas ; translated into English by S. P. Bahadur
260 _aVaranasi
_bMunshiram Manoharlal Publishers
_c1997
270 _a5715, 54 Rani Jhansi Road
_bNew Delhi
_e110055
300 _a4 v. ; (v 4. 140p)
_b24cm(hb)
505 _av 4. Dohavali
650 _aTulasīdasa, -- 1532-1623 -- Translations into English.
650 _aTulasīdāsa, -- 1532-1623
700 _aBahadur, S. P.
942 _2ddc
_cEN
_h881.08
_mTUL
999 _c136574
_d136574